|
|
|
|
| LEADER |
00000nab a2200000 ar4500 |
| 001 |
vtls010084087 |
| 003 |
SK-MaSNL |
| 005 |
20260318133003.0 |
| 008 |
100412c20100325xo |||||||| 000 b|hun |
| 015 |
|
|
|a SNBRB2010/04
|2 snkbucl
|
| 038 |
|
|
|a SNKBUCL
|
| 040 |
|
|
|a DSZK
|b slo
|c DSZK
|e AACR2
|
| 041 |
0 |
|
|a hun
|
| 044 |
|
|
|a xo
|c SK
|
| 080 |
|
|
|a 329.3:27
|x (437.6)
|b SDKÚ-DS
|2 2001
|
| 080 |
|
|
|a 324:342.53
|x (437.6)
|2 2001
|
| 080 |
|
|
|a 342.843.1
|2 2001
|
| 100 |
1 |
|
|a Lajos, János P.
|4 aut
|9 841807
|
| 245 |
1 |
3 |
|a Az SDKÚ listáján a legtöbb a változás 2006-hoz képest
|b Radičová már a politikából való kivonulást fontolgatta, kérdés, mi lesz a sorsa a választások után; Dzurinda mindenképpen pártelnök akar maradni
|c Lajos P. János
|
| 246 |
3 |
|
|a Slovenská demokratická a kresťanská únia listáján a legtöbb a változás 2006-hoz képest
|
| 300 |
|
|
|b Fotogr., tab.
|
| 610 |
2 |
7 |
|a Slovenská demokratická a kresťanská únia - Demokratická strana
|2 SNKKA
|9 100883
|
| 648 |
|
7 |
|a 2010
|2 snkbucl
|9 324355
|
| 650 |
0 |
7 |
|a parlamentné voľby
|2 SNKPH
|9 1623
|
| 650 |
0 |
7 |
|a kandidačné listiny
|2 snkbucl
|9 1201044
|
| 773 |
0 |
|
|t Új szó
|g Évf. 63, sz. 70 (25.3.2010), o. 3
|x 1335-7050
|
| 852 |
|
|
|a SNK
|b KIS3GCP
|
| 852 |
|
|
|a DSZK
|b KIS3GCP
|
| 958 |
|
|
|a HU
|
| 958 |
|
|
|a SK
|
| 999 |
|
|
|c 2172802
|d 2174732
|